[Event "EYCC 2024 - O16"]
[Site "?"]
[Date "2024.08.28"]
[Round "6.1"]
[White "Magold, Filip"]
[Black "Kvaloy, Aksel Bu"]
[Result "1/2-1/2"]
[BlackElo "2487"]
[WhiteElo "2425"]
[LiveChessVersion "1.4.8"]

1. d4 {[%clk 1:30:16]} Nf6 {[%clk 1:30:44]} 2. Nf3 {[%clk 1:30:40]} d5
{[%clk 1:30:51]} 3. c4 {[%clk 1:31:04]} e6 {[%clk 1:31:14]} 4. Nc3
{[%clk 1:31:30]} Nbd7 {[%clk 1:31:30]} 5. cxd5 {[%clk 1:31:54]} exd5
{[%clk 1:31:55]} 6. Bf4 {[%clk 1:32:19]} Nb6 {[%clk 1:29:37]} 7. e3
{[%clk 1:29:08]} Bf5 {[%clk 1:27:29]} 8. Bd3 {[%clk 1:25:48]} Bxd3
{[%clk 1:27:25]} 9. Qxd3 {[%clk 1:26:15]} c6 {[%clk 1:27:11]} 10. O-O
{[%clk 1:24:56]} Bd6 {[%clk 1:25:57]} 11. Ne5 {[%clk 1:21:16]} 1/2-1/2

[Event "EYCC 2024 - O16"]
[Site "?"]
[Date "2024.08.28"]
[Round "6.2"]
[White "Materia, Marco"]
[Black "Habans Aguerrea, Javier"]
[Result "1-0"]
[BlackElo "2395"]
[WhiteElo "2457"]
[LiveChessVersion "1.4.8"]

1. d4 {[%clk 1:30:59]} Nf6 {[%clk 1:30:50]} 2. c4 {[%clk 1:31:25]} e6
{[%clk 1:31:13]} 3. Nf3 {[%clk 1:31:51]} d5 {[%clk 1:31:32]} 4. Nc3
{[%clk 1:32:17]} dxc4 {[%clk 1:31:50]} 5. e4 {[%clk 1:32:42]} b5 {[%clk 1:32:05]}
6. e5 {[%clk 1:33:08]} Nd5 {[%clk 1:32:30]} 7. Nxb5 {[%clk 1:33:36]} Nb6
{[%clk 1:32:52]} 8. Be2 {[%clk 1:34:03]} Nc6 {[%clk 1:32:50]} 9. a3
{[%clk 1:34:05]} Bb7 {[%clk 1:32:06]} 10. Be3 {[%clk 1:34:03]} Qd7
{[%clk 1:25:12]} 11. Nc3 {[%clk 1:31:34]} Be7 {[%clk 1:21:34]} 12. Qc2
{[%clk 1:31:33]} Na5 {[%clk 1:17:35]} 13. Rd1 {[%clk 1:30:44]} Qc6
{[%clk 1:10:23]} 14. h4 {[%clk 1:07:50]} O-O-O {[%clk 1:08:46]} 15. Rh3
{[%clk 1:04:19]} f5 {[%clk 1:00:56]} 16. exf6 {[%clk 0:58:21]} gxf6
{[%clk 1:01:05]} 17. Rg3 {[%clk 0:55:10]} h5 {[%clk 0:31:30]} 18. Nd2
{[%clk 0:38:39]} f5 {[%clk 0:24:05]} 19. Bf3 {[%clk 0:35:06]} Qd7
{[%clk 0:23:43]} 20. Bxb7+ {[%clk 0:33:46]} Nxb7 {[%clk 0:23:49]} 21. Nf3
{[%clk 0:30:47]} Bd6 {[%clk 0:22:50]} 22. Rh3 {[%clk 0:29:52]} Rhg8
{[%clk 0:18:23]} 23. Bg5 {[%clk 0:28:43]} Rde8 {[%clk 0:18:46]} 24. Qe2
{[%clk 0:23:39]} Nd8 {[%clk 0:13:59]} 25. Ne5 {[%clk 0:19:20]} Bxe5
{[%clk 0:13:51]} 26. dxe5 {[%clk 0:19:48]} Qc6 {[%clk 0:13:05]} 27. Kf1
{[%clk 0:19:54]} Nf7 {[%clk 0:10:49]} 28. f4 {[%clk 0:19:55]} Rh8
{[%clk 0:10:48]} 29. Bf6 {[%clk 0:18:08]} Rhg8 {[%clk 0:10:33]} 30. Bg5
{[%clk 0:18:29]} Rh8 {[%clk 0:11:03]} 31. Rd2 {[%clk 0:13:48]} Nh6
{[%clk 0:09:50]} 32. Bxh6 {[%clk 0:09:38]} Rxh6 {[%clk 0:10:18]} 33. Rg3
{[%clk 0:10:07]} Rhh8 {[%clk 0:09:58]} 34. Kg1 {[%clk 0:10:22]} Qc5+
{[%clk 0:03:32]} 35. Kh2 {[%clk 0:10:44]} Rd8 {[%clk 0:02:27]} 36. Rxd8+
{[%clk 0:10:56]} Kxd8 {[%clk 0:02:56]} 37. Qf3 {[%clk 0:09:16]} Kc8
{[%clk 0:01:12]} 38. Rg5 {[%clk 0:08:34]} Qd4 {[%clk 0:01:34]} 39. Nb5
{[%clk 0:08:19]} Qd5 {[%clk 0:01:17]} 40. Qxd5 {[%clk 0:07:38]} Nxd5
{[%clk 0:01:46]} 41. Kg3 {[%clk 0:07:48]} a6 {[%clk 0:00:57]} 42. Nd4
{[%clk 0:07:10]} Kd7 {[%clk 0:01:26]} 43. Kf3 {[%clk 0:06:24]} Rh6
{[%clk 0:00:37]} 44. Rg7+ {[%clk 0:04:50]} Ke8 {[%clk 0:00:45]} 45. Rg8+
{[%clk 0:04:26]} Kd7 {[%clk 0:00:56]} 46. g3 {[%clk 0:03:28]} a5 {[%clk 0:00:59]}
47. Ra8 {[%clk 0:03:23]} Nb6 {[%clk 0:01:09]} 48. Rxa5 {[%clk 0:03:40]} Rh8
{[%clk 0:01:32]} 49. Rc5 {[%clk 0:02:13]} Rb8 {[%clk 0:01:27]} 50. Rb5
{[%clk 0:01:43]} Ra8 {[%clk 0:01:26]} 51. Nc2 {[%clk 0:01:03]} Kc6
{[%clk 0:01:08]} 52. Nd4+ Kd7 53. Rc5 {[%clk 0:02:01]} Na4 {[%clk 0:01:03]} 54.
Rxc4 {[%clk 0:02:29]} Nxb2 {[%clk 0:01:32]} 55. Rc3 {[%clk 0:02:51]} Ra4
{[%clk 0:01:21]} 56. Nb3 {[%clk 0:03:00]} Ra7 {[%clk 0:01:11]} 57. Nc5+
{[%clk 0:03:12]} Ke7 {[%clk 0:01:41]} 58. Ke2 {[%clk 0:03:22]} c6
{[%clk 0:01:57]} 59. Rb3 {[%clk 0:01:00]} Nc4 {[%clk 0:01:41]} 60. a4
{[%clk 0:01:27]} Na5 {[%clk 0:02:07]} 61. Rb8 {[%clk 0:01:48]} Kf7
{[%clk 0:01:58]} 62. Kd3 {[%clk 0:02:07]} Kg6 {[%clk 0:02:11]} 63. Kc3
{[%clk 0:02:24]} Kh6 {[%clk 0:02:25]} 64. Kb4 {[%clk 0:02:39]} Kg6
{[%clk 0:02:54]} 65. Rb6 {[%clk 0:02:39]} 1-0

[Event "EYCC 2024 - O16"]
[Site "?"]
[Date "2024.08.28"]
[Round "6.3"]
[White "Perea Fruet, Lorenzo"]
[Black "Durak, Can"]
[Result "1/2-1/2"]
[BlackElo "2442"]
[WhiteElo "2373"]
[LiveChessVersion "1.4.8"]

1. e4 {[%clk 1:30:56]} c5 {[%clk 1:30:05]} 2. Nf3 {[%clk 1:31:19]} g6
{[%clk 1:30:18]} 3. d4 {[%clk 1:30:42]} cxd4 {[%clk 1:30:11]} 4. Qxd4
{[%clk 1:31:10]} Nf6 {[%clk 1:30:01]} 5. Nc3 {[%clk 1:31:37]} Nc6
{[%clk 1:30:08]} 6. Qa4 {[%clk 1:32:05]} d6 {[%clk 1:30:01]} 7. e5
{[%clk 1:32:31]} dxe5 {[%clk 1:30:18]} 8. Nxe5 {[%clk 1:32:59]} Bg7
{[%clk 1:27:38]} 9. Bb5 {[%clk 1:33:24]} O-O {[%clk 1:24:31]} 10. Nxc6
{[%clk 1:33:50]} bxc6 {[%clk 1:24:51]} 11. Bxc6 {[%clk 1:34:18]} Bd7
{[%clk 1:24:47]} 12. O-O {[%clk 1:29:18]} Rc8 {[%clk 1:24:31]} 13. Bxd7
{[%clk 1:27:25]} Qxd7 {[%clk 1:24:26]} 14. Qxd7 {[%clk 1:20:10]} Nxd7
{[%clk 1:23:48]} 1/2-1/2

[Event "EYCC 2024 - O16"]
[Site "?"]
[Date "2024.08.28"]
[Round "6.4"]
[White "Bodrogi, Bendeguz"]
[Black "Agasarov, Benik"]
[Result "1/2-1/2"]
[BlackElo "2387"]
[WhiteElo "2353"]
[LiveChessVersion "1.4.8"]

1. Nf3 {[%clk 1:30:53]} d5 {[%clk 1:30:54]} 2. g3 {[%clk 1:31:08]} g6
{[%clk 1:31:19]} 3. Bg2 {[%clk 1:31:25]} Bg7 {[%clk 1:31:43]} 4. d4
{[%clk 1:31:45]} Nf6 {[%clk 1:32:07]} 5. O-O {[%clk 1:32:00]} O-O
{[%clk 1:32:33]} 6. Bf4 {[%clk 1:26:53]} a5 {[%clk 1:32:38]} 7. Nbd2
{[%clk 1:25:05]} c5 {[%clk 1:32:24]} 8. dxc5 {[%clk 1:23:02]} Nc6
{[%clk 1:32:49]} 9. c4 {[%clk 1:05:15]} d4 {[%clk 1:33:13]} 10. Be5
{[%clk 0:55:13]} Nxe5 {[%clk 1:33:36]} 11. Nxe5 {[%clk 0:55:37]} Qc7
{[%clk 1:34:01]} 12. Nd3 {[%clk 0:55:57]} Nd7 {[%clk 1:08:58]} 13. a3
{[%clk 0:56:14]} a4 {[%clk 0:55:33]} 14. b4 {[%clk 0:56:36]} axb3
{[%clk 0:55:58]} 15. Nxb3 {[%clk 0:56:50]} Ne5 {[%clk 0:55:05]} 16. Qc2
{[%clk 0:43:40]} Bd7 {[%clk 0:48:15]} 17. Nd2 {[%clk 0:34:04]} Nxd3
{[%clk 0:42:20]} 18. exd3 {[%clk 0:34:24]} Qxc5 {[%clk 0:42:40]} 19. Qb2
{[%clk 0:30:54]} Bf5 {[%clk 0:34:56]} 20. Ne4 {[%clk 0:29:59]} Qc7
{[%clk 0:34:44]} 21. Rfb1 {[%clk 0:27:58]} Ra7 {[%clk 0:33:36]} 22. Qb4
{[%clk 0:14:37]} 1/2-1/2

[Event "EYCC 2024 - O16"]
[Site "?"]
[Date "2024.08.28"]
[Round "6.5"]
[White "Nemsadze, Daviti"]
[Black "Dyachuk, Artem"]
[Result "1-0"]
[BlackElo "2263"]
[WhiteElo "2192"]
[LiveChessVersion "1.4.8"]

1. e4 {[%clk 1:30:48]} c5 {[%clk 1:30:59]} 2. Nf3 {[%clk 1:31:14]} d6
{[%clk 1:31:25]} 3. d4 {[%clk 1:31:41]} cxd4 {[%clk 1:31:51]} 4. Nxd4
{[%clk 1:32:10]} Nf6 {[%clk 1:32:14]} 5. Nc3 {[%clk 1:32:37]} a6 {[%clk 1:32:41]}
6. h3 {[%clk 1:33:05]} e6 {[%clk 1:33:07]} 7. g4 {[%clk 1:33:28]} h6
{[%clk 1:33:34]} 8. Be3 {[%clk 1:31:36]} b5 {[%clk 1:33:22]} 9. a3
{[%clk 1:32:03]} Bb7 {[%clk 1:33:18]} 10. Bg2 {[%clk 1:32:15]} g5
{[%clk 1:29:03]} 11. Qe2 {[%clk 1:25:50]} Nbd7 {[%clk 1:26:35]} 12. O-O-O
{[%clk 1:15:19]} Rc8 {[%clk 1:19:14]} 13. Qe1 {[%clk 0:51:57]} Ne5
{[%clk 1:12:22]} 14. Kb1 {[%clk 0:52:15]} Nfd7 {[%clk 1:09:34]} 15. Bc1
{[%clk 0:51:36]} Bg7 {[%clk 1:05:21]} 16. h4 {[%clk 0:51:03]} gxh4
{[%clk 0:42:57]} 17. f4 {[%clk 0:51:28]} Nxg4 {[%clk 0:40:47]} 18. Nf5
{[%clk 0:51:24]} exf5 {[%clk 0:35:28]} 19. exf5+ {[%clk 0:50:52]} Kf8
{[%clk 0:34:51]} 20. Bxb7 {[%clk 0:51:16]} Bxc3 {[%clk 0:30:44]} 21. bxc3
{[%clk 0:50:55]} Rb8 {[%clk 0:30:08]} 22. Bf3 {[%clk 0:51:14]} Rg8
{[%clk 0:19:31]} 23. Rxd6 {[%clk 0:50:28]} Qe7 {[%clk 0:18:23]} 24. Qd2
{[%clk 0:49:39]} Ngf6 {[%clk 0:12:02]} 25. Re1 {[%clk 0:49:57]} Qd8
{[%clk 0:12:24]} 26. Bc6 {[%clk 0:50:05]} Rb6 {[%clk 0:05:50]} 27. Bxd7
{[%clk 0:45:11]} Rxd6 {[%clk 0:05:01]} 28. Qxd6+ {[%clk 0:45:39]} Kg7
{[%clk 0:05:24]} 29. Rd1 {[%clk 0:45:29]} h3 {[%clk 0:03:09]} 30. Bc6
{[%clk 0:45:51]} Qxd6 {[%clk 0:02:56]} 31. Rxd6 {[%clk 0:46:20]} Rc8
{[%clk 0:03:20]} 32. Bf3 {[%clk 0:42:13]} h5 {[%clk 0:02:27]} 33. Kb2
{[%clk 0:41:01]} Ng4 {[%clk 0:02:26]} 34. Rd1 {[%clk 0:41:06]} h2
{[%clk 0:02:11]} 35. Rh1 {[%clk 0:41:30]} Rh8 {[%clk 0:02:37]} 36. c4
{[%clk 0:41:27]} Kf6 {[%clk 0:02:14]} 37. c5 {[%clk 0:41:52]} Kxf5
{[%clk 0:02:15]} 38. c6 {[%clk 0:41:52]} Ke6 {[%clk 0:00:49]} 39. Bd2
{[%clk 0:42:19]} f5 {[%clk 0:01:08]} 40. c7 {[%clk 0:42:46]} Kd7 {[%clk 0:01:20]}
41. Ba5 {[%clk 0:43:15]} Ne3 {[%clk 0:01:31]} 42. Kc1 {[%clk 0:42:11]} Rg8
{[%clk 0:01:04]} 43. Bb7 {[%clk 0:42:07]} Rg1+ {[%clk 0:01:11]} 44. Kb2
{[%clk 0:42:22]} Nc4+ {[%clk 0:01:25]} 45. Ka2 {[%clk 0:42:51]} Nd6
{[%clk 0:01:38]} 46. Rxh2 {[%clk 0:43:10]} Rg8 {[%clk 0:00:59]} 47. Rd2
{[%clk 0:43:37]} 1-0

[Event "EYCC 2024 - O16"]
[Site "?"]
[Date "2024.08.28"]
[Round "6.6"]
[White "Elias, David"]
[Black "Tabuenca Mendataurigoitia, Daniel"]
[Result "0-1"]
[BlackElo "2431"]
[WhiteElo "2246"]
[LiveChessVersion "1.4.8"]

1. d4 {[%clk 1:30:56]} d6 {[%clk 1:30:39]} 2. Nf3 {[%clk 1:31:18]} Nf6
{[%clk 1:31:02]} 3. g3 {[%clk 1:24:08]} g6 {[%clk 1:28:57]} 4. Bg2
{[%clk 1:24:35]} Bg7 {[%clk 1:28:37]} 5. O-O {[%clk 1:24:58]} Bf5
{[%clk 1:21:29]} 6. Nh4 {[%clk 1:20:38]} Be4 {[%clk 1:21:26]} 7. f3
{[%clk 1:19:54]} Bc6 {[%clk 1:21:46]} 8. e4 {[%clk 1:18:15]} e5 {[%clk 1:20:38]}
9. Nc3 {[%clk 1:04:58]} exd4 {[%clk 1:18:20]} 10. Qxd4 {[%clk 1:05:17]} O-O
{[%clk 1:18:41]} 11. Qd3 {[%clk 1:03:59]} Re8 {[%clk 1:11:53]} 12. Be3
{[%clk 0:57:03]} Na6 {[%clk 1:02:47]} 13. Rad1 {[%clk 0:55:33]} h6
{[%clk 0:50:46]} 14. Qc4 {[%clk 0:54:18]} Qd7 {[%clk 0:44:12]} 15. a4
{[%clk 0:37:11]} Qe6 {[%clk 0:41:02]} 16. Qxe6 {[%clk 0:37:35]} Rxe6
{[%clk 0:41:30]} 17. Nb5 {[%clk 0:37:06]} d5 {[%clk 0:35:37]} 18. exd5
{[%clk 0:34:53]} Nxd5 {[%clk 0:34:24]} 19. Bd4 {[%clk 0:34:48]} Ne3
{[%clk 0:32:21]} 20. Bxe3 {[%clk 0:34:03]} Rxe3 {[%clk 0:32:49]} 21. c3
{[%clk 0:31:55]} Re2 {[%clk 0:20:17]} 22. Rf2 {[%clk 0:26:01]} Rae8
{[%clk 0:13:24]} 23. f4 {[%clk 0:26:16]} Bxg2 {[%clk 0:12:56]} 24. Nxg2
{[%clk 0:25:52]} c6 {[%clk 0:10:48]} 25. Nd6 {[%clk 0:21:49]} Rxf2
{[%clk 0:08:29]} 26. Kxf2 {[%clk 0:22:14]} Rd8 {[%clk 0:08:48]} 27. Ne3
{[%clk 0:22:41]} Nc5 {[%clk 0:08:54]} 28. a5 {[%clk 0:22:15]} Rxd6
{[%clk 0:09:19]} 0-1

[Event "EYCC 2024 - O16"]
[Site "?"]
[Date "2024.08.28"]
[Round "6.7"]
[White "Liu, Jason"]
[Black "Lavrencic, Matic"]
[Result "1/2-1/2"]
[BlackElo "2356"]
[WhiteElo "2223"]
[LiveChessVersion "1.4.8"]

1. e4 {[%clk 1:30:57]} c6 {[%clk 1:30:43]} 2. d4 {[%clk 1:31:05]} d5
{[%clk 1:30:46]} 3. exd5 {[%clk 1:31:26]} cxd5 {[%clk 1:31:02]} 4. Bd3
{[%clk 1:31:52]} Nc6 {[%clk 1:31:11]} 5. c3 {[%clk 1:32:04]} e6 {[%clk 1:31:15]}
6. Bf4 {[%clk 1:31:58]} Nge7 {[%clk 1:30:09]} 7. Nf3 {[%clk 1:31:22]} f6
{[%clk 1:30:21]} 8. Bg3 {[%clk 1:24:34]} h5 {[%clk 1:24:30]} 9. h4
{[%clk 1:19:02]} Nf5 {[%clk 1:23:44]} 10. Bxf5 {[%clk 1:06:01]} exf5
{[%clk 1:24:02]} 11. O-O {[%clk 1:04:49]} Kf7 {[%clk 1:14:34]} 12. Nbd2
{[%clk 0:59:45]} Be6 {[%clk 1:08:09]} 13. Re1 {[%clk 0:56:47]} Ne7
{[%clk 1:02:22]} 14. Nb3 {[%clk 0:51:32]} Ng6 {[%clk 0:59:06]} 15. Qd2
{[%clk 0:49:44]} b6 {[%clk 0:58:17]} 16. Nc1 {[%clk 0:45:20]} Bd6
{[%clk 0:57:53]} 17. Nd3 {[%clk 0:44:44]} Qc7 {[%clk 0:50:59]} 18. Bxd6
{[%clk 0:40:21]} Qxd6 {[%clk 0:51:19]} 19. g3 {[%clk 0:37:24]} Rae8
{[%clk 0:44:49]} 20. Nf4 {[%clk 0:33:43]} Nxf4 {[%clk 0:44:11]} 21. Qxf4
{[%clk 0:33:38]} Qxf4 {[%clk 0:44:21]} 22. gxf4 {[%clk 0:34:05]} Bd7
{[%clk 0:43:19]} 23. Rxe8 {[%clk 0:32:03]} Rxe8 {[%clk 0:43:39]} 24. Re1
{[%clk 0:32:15]} Re4 {[%clk 0:43:36]} 25. Rxe4 {[%clk 0:25:58]} fxe4
{[%clk 0:43:49]} 26. Ne1 {[%clk 0:24:53]} g5 {[%clk 0:26:01]} 1/2-1/2

[Event "EYCC 2024 - O16"]
[Site "?"]
[Date "2024.08.28"]
[Round "6.8"]
[White "Sapocinic, Semion"]
[Black "Kuhn, Clement"]
[Result "0-1"]
[BlackElo "2344"]
[WhiteElo "2213"]
[LiveChessVersion "1.4.8"]

1. c4 {[%clk 1:30:57]} g6 {[%clk 1:30:24]} 2. Nc3 {[%clk 1:30:18]} Bg7
{[%clk 1:30:40]} 3. d4 {[%clk 1:30:24]} c5 {[%clk 1:30:26]} 4. d5
{[%clk 1:29:15]} Bxc3+ {[%clk 1:30:35]} 5. bxc3 {[%clk 1:29:39]} e5
{[%clk 1:30:59]} 6. e4 {[%clk 1:28:44]} d6 {[%clk 1:31:16]} 7. Bd3
{[%clk 1:27:47]} Nd7 {[%clk 1:31:40]} 8. Ne2 {[%clk 1:24:09]} Qe7
{[%clk 1:32:03]} 9. Be3 {[%clk 1:20:23]} Kd8 {[%clk 1:30:06]} 10. f3
{[%clk 1:14:30]} h5 {[%clk 1:25:23]} 11. Qb3 {[%clk 0:59:13]} Nh6
{[%clk 1:18:45]} 12. O-O-O {[%clk 0:55:53]} h4 {[%clk 1:08:55]} 13. g3
{[%clk 0:48:13]} f5 {[%clk 0:59:50]} 14. Kb1 {[%clk 0:46:19]} Nb6
{[%clk 0:51:38]} 15. Rdg1 {[%clk 0:39:36]} h3 {[%clk 0:45:30]} 16. a4
{[%clk 0:38:03]} fxe4 {[%clk 0:42:30]} 17. Bxe4 {[%clk 0:38:21]} Bf5
{[%clk 0:35:41]} 18. Bxh6 {[%clk 0:31:47]} Bxe4+ {[%clk 0:34:09]} 19. fxe4
{[%clk 0:31:49]} Rxh6 {[%clk 0:34:38]} 20. Rf1 {[%clk 0:28:24]} Kc7
{[%clk 0:34:57]} 21. a5 {[%clk 0:27:42]} Nd7 {[%clk 0:32:47]} 22. a6
{[%clk 0:25:35]} Rb8 {[%clk 0:29:54]} 23. Kc2 {[%clk 0:24:41]} bxa6
{[%clk 0:25:04]} 24. Qa4 {[%clk 0:25:07]} Rb6 {[%clk 0:25:25]} 25. Rb1
{[%clk 0:23:44]} Nb8 {[%clk 0:24:39]} 26. Rbf1 {[%clk 0:16:48]} Rh7
{[%clk 0:19:42]} 27. Rf2 {[%clk 0:15:42]} Qd7 {[%clk 0:19:45]} 28. Qa5
{[%clk 0:15:34]} Rf7 {[%clk 0:10:57]} 29. Rhf1 {[%clk 0:15:48]} Rxf2
{[%clk 0:11:26]} 30. Rxf2 {[%clk 0:16:16]} Qg4 {[%clk 0:09:59]} 31. Kd3
{[%clk 0:15:38]} Nd7 {[%clk 0:10:23]} 32. Rf7 {[%clk 0:14:09]} Kd8
{[%clk 0:10:15]} 33. Qa1 {[%clk 0:12:15]} Ke8 {[%clk 0:09:23]} 34. Qf1
{[%clk 0:10:08]} Rb2 {[%clk 0:09:29]} 35. Rf2 {[%clk 0:07:46]} Ke7
{[%clk 0:03:18]} 36. Rf7+ {[%clk 0:07:49]} Ke8 {[%clk 0:03:47]} 37. Rf2
{[%clk 0:08:09]} Qg5 {[%clk 0:03:34]} 38. Ng1 {[%clk 0:07:43]} Rxf2
{[%clk 0:04:02]} 39. Qxf2 {[%clk 0:08:11]} Qc1 {[%clk 0:03:18]} 40. Nxh3
{[%clk 0:07:27]} Nb6 {[%clk 0:03:43]} 41. Qe2 {[%clk 0:05:48]} Na4
{[%clk 0:04:08]} 42. Qg4 {[%clk 0:05:08]} Nb2+ {[%clk 0:04:32]} 43. Ke2
{[%clk 0:05:28]} Qd1+ {[%clk 0:05:01]} 0-1

[Event "EYCC 2024 - O16"]
[Site "?"]
[Date "2024.08.28"]
[Round "6.9"]
[White "Tsarsitalidis, Christos"]
[Black "Erten, Kerem"]
[Result "0-1"]
[BlackElo "2331"]
[WhiteElo "2210"]
[LiveChessVersion "1.4.8"]

1. e4 {[%clk 1:30:58]} e5 {[%clk 1:30:43]} 2. Nf3 {[%clk 1:31:22]} Nc6
{[%clk 1:30:59]} 3. Bb5 {[%clk 1:31:35]} f5 {[%clk 1:31:20]} 4. Nc3
{[%clk 1:31:23]} fxe4 {[%clk 1:31:34]} 5. Nxe4 {[%clk 1:31:46]} Nf6
{[%clk 1:31:55]} 6. Nxf6+ {[%clk 1:31:18]} Qxf6 {[%clk 1:31:01]} 7. Qe2
{[%clk 1:31:35]} Be7 {[%clk 1:19:05]} 8. Bxc6 {[%clk 1:30:05]} dxc6
{[%clk 1:18:48]} 9. Nxe5 {[%clk 1:27:29]} Bf5 {[%clk 1:15:38]} 10. O-O
{[%clk 1:17:38]} O-O-O {[%clk 1:09:56]} 11. d3 {[%clk 1:11:45]} Rde8
{[%clk 0:55:54]} 12. Nc4 {[%clk 1:09:17]} Qh4 {[%clk 0:48:21]} 13. Qe5
{[%clk 0:58:38]} g6 {[%clk 0:42:38]} 14. Bf4 {[%clk 0:53:30]} Bd8
{[%clk 0:42:49]} 15. Bg3 {[%clk 0:53:48]} Qg5 {[%clk 0:36:58]} 16. Qc5
{[%clk 0:43:31]} Kb8 {[%clk 0:36:58]} 17. Rfe1 {[%clk 0:42:21]} Bd7
{[%clk 0:26:35]} 18. Re5 {[%clk 0:36:39]} Qf6 {[%clk 0:23:02]} 19. Rae1
{[%clk 0:35:40]} b6 {[%clk 0:22:35]} 20. Qd4 {[%clk 0:35:36]} Kc8
{[%clk 0:21:27]} 21. Qe4 {[%clk 0:32:54]} Qg7 {[%clk 0:19:52]} 22. Re2
{[%clk 0:28:14]} g5 {[%clk 0:12:58]} 23. d4 {[%clk 0:16:45]} h5 {[%clk 0:10:31]}
24. Qd3 {[%clk 0:15:46]} Qf7 {[%clk 0:08:07]} 25. Rxe8 {[%clk 0:08:21]} Bxe8
{[%clk 0:07:33]} 26. Be5 {[%clk 0:07:09]} Rg8 {[%clk 0:07:02]} 27. b3
{[%clk 0:06:38]} Qd7 {[%clk 0:06:12]} 28. Ne3 {[%clk 0:04:57]} Kb7
{[%clk 0:05:08]} 29. c4 {[%clk 0:03:42]} Bg6 {[%clk 0:04:33]} 30. Qc3
{[%clk 0:04:02]} Bf7 {[%clk 0:03:51]} 31. Rd2 {[%clk 0:02:28]} g4
{[%clk 0:03:35]} 32. d5 {[%clk 0:01:18]} cxd5 {[%clk 0:03:25]} 33. Nxd5
{[%clk 0:01:14]} Qf5 {[%clk 0:03:26]} 34. Ne3 {[%clk 0:01:09]} Qb1+
{[%clk 0:02:32]} 35. Rd1 {[%clk 0:01:35]} Qg6 {[%clk 0:02:00]} 36. c5
{[%clk 0:01:30]} Qc6 {[%clk 0:01:56]} 37. cxb6 {[%clk 0:01:41]} Qxc3
{[%clk 0:02:23]} 38. Bxc3 {[%clk 0:02:06]} axb6 {[%clk 0:02:48]} 39. Rd7
{[%clk 0:02:08]} Bg6 {[%clk 0:02:26]} 40. Rg7 {[%clk 0:01:04]} Rxg7
{[%clk 0:02:53]} 41. Bxg7 {[%clk 0:01:29]} Be7 {[%clk 0:02:19]} 42. Nd5
{[%clk 0:00:50]} Bd6 {[%clk 0:02:25]} 43. h3 {[%clk 0:00:54]} gxh3
{[%clk 0:01:59]} 44. gxh3 {[%clk 0:01:19]} Be4 {[%clk 0:01:53]} 45. Ne3
{[%clk 0:01:29]} Bb1 {[%clk 0:01:56]} 46. a4 {[%clk 0:01:35]} Ba2
{[%clk 0:02:04]} 47. Nf5 {[%clk 0:01:18]} Bc5 {[%clk 0:01:40]} 48. Nd4
{[%clk 0:00:44]} Bd6 {[%clk 0:00:36]} 49. Nf5 {[%clk 0:00:37]} Bb4
{[%clk 0:00:46]} 50. Ng3 {[%clk 0:00:32]} h4 {[%clk 0:00:56]} 51. Nf5
{[%clk 0:00:59]} Bxb3 {[%clk 0:01:20]} 52. Nxh4 {[%clk 0:01:24]} Bxa4
{[%clk 0:01:21]} 53. Nf3 {[%clk 0:01:26]} Be8 {[%clk 0:01:22]} 54. Kf1
{[%clk 0:01:03]} Kc6 {[%clk 0:00:54]} 55. Ke2 {[%clk 0:00:33]} Kd5
{[%clk 0:00:51]} 56. Nd2 {[%clk 0:00:34]} Bd7 {[%clk 0:00:48]} 57. h4
{[%clk 0:00:33]} Be7 {[%clk 0:00:58]} 58. Nf3 {[%clk 0:00:35]} Bg4
{[%clk 0:01:11]} 59. Ke3 {[%clk 0:01:01]} Bxf3 {[%clk 0:00:53]} 60. Kxf3
{[%clk 0:01:30]} Bxh4 {[%clk 0:01:21]} 61. Ke3 {[%clk 0:01:42]} Be7
{[%clk 0:00:43]} 62. Kd3 {[%clk 0:02:03]} c5 {[%clk 0:00:47]} 63. f4
{[%clk 0:01:56]} Bd6 {[%clk 0:00:54]} 64. f5 {[%clk 0:02:18]} Be5
{[%clk 0:01:03]} 65. f6 {[%clk 0:01:48]} c4+ {[%clk 0:01:10]} 66. Kc2
{[%clk 0:01:37]} Ke6 {[%clk 0:01:23]} 67. Bf8 {[%clk 0:01:09]} Bxf6
{[%clk 0:01:47]} 68. Bb4 {[%clk 0:01:34]} b5 {[%clk 0:02:06]} 69. Bc5
{[%clk 0:01:59]} Kd5 {[%clk 0:02:32]} 70. Bf8 {[%clk 0:02:25]} Bd4
{[%clk 0:02:57]} 71. Bb4 {[%clk 0:02:08]} Bc5 {[%clk 0:03:04]} 72. Be1
{[%clk 0:02:20]} b4 {[%clk 0:02:57]} 73. Bd2 {[%clk 0:01:31]} Ke4
{[%clk 0:03:17]} 74. Bc1 {[%clk 0:00:53]} Bd4 {[%clk 0:03:36]} 75. Bg5
{[%clk 0:00:33]} b3+ {[%clk 0:03:41]} 76. Kb1 {[%clk 0:00:56]} c3
{[%clk 0:03:45]} 77. Bd2 {[%clk 0:00:31]} c2+ {[%clk 0:03:53]} 0-1